| 000 | 00874nmc a2200301 a 4500 | ||
|---|---|---|---|
| 003 | AR-BaBNM | ||
| 005 | 20251128202802.0 | ||
| 008 | 277119s1983 ||||||||||||||000 | spa|| | ||
| 040 | _cAR-BaBNM | ||
| 100 | 1 | _aBlanco, Olga M. | |
| 245 | 1 | 0 | _aContribución al conocimiento de hidrozoos antárticos y subantarticos |
| 260 |
_aBuenos Aires _bDirección Nacional del Antártico _c1983 |
||
| 300 | 0 |
_a105 p. _bil., láms., mapas |
|
| 490 | 0 |
_aInstituto Antártico Argentino _vv. 294 |
|
| 504 | _aBibliografía p. 51-53 | ||
| 650 | 4 | _aREGIONES POLARES | |
| 650 | 4 | _aZONAS CLIMATICAS | |
| 650 | 4 | _aOCEANOGRAFIA | |
| 650 | 4 | _aEXPEDICIONES CIENTIFICAS | |
| 650 | 4 | _aEXPLORACION OCEANICA | |
| 650 | 4 | _aINVESTIGACION CIENTIFICA | |
| 650 | 4 | _aEXPLORACION DE RECURSOS | |
| 650 | 4 | _aFLORA | |
| 650 | 4 | _aFAUNA | |
| 651 | 4 | _aAntártida | |
| 942 | _cBK | ||
| 998 | _cmariana | ||
| 999 |
_c560 _d560 |
||